[Event "Moron Philidor CC op 17th"]
[Site "Moron"]
[Date "2018.09.18"]
[Round "6"]
[White "Chiguay, Tomas Agustin"]
[Black "Solano, Pablo"]
[Result "0-1"]
[WhiteElo "1760"]
[BlackElo "1918"]
[PlyCount "60"]
[EventDate "2018.09.04"]
[EventType "swiss"]
[EventRounds "6"]
[EventCountry "ARG"]
[SourceTitle "CBM 186 Extra"]
[Source "ChessBase"]
[SourceDate "2018.08.24"]
[SourceVersion "1"]
[SourceVersionDate "2018.08.24"]
[SourceQuality "1"]

1. e4 e5 2. Nf3 Nf6 3. Nc3 Nc6 4. Bb5 Nd4 5. Ba4 Nxf3+ 6. Qxf3 Bc5 7. 0-0 0-0 8. d3 h6 9. Qg3 d6 10. Bxh6 Nh5 11. Qg5 Qxg5 12. Bxg5 c6 13. Bb3 a5 14. Na4 Ba7 15. c4 Re8 16. Nc3 Re6 17. Be3 Rg6 18. Kh1 Nf4 19. Bxf4 exf4 20. Bd1 Rh6 21. Bf3 g5 22. Rad1 Be6 23. b3 Kg7 24. Kg1 Rah8 25. g4 Rxh2 26. d4 R2h4 27. Kg2 Bxg4 28. Bxg4 Rxg4+ 29. Kf3 Rgh4 30. Rg1 Rh3+ 0-1